|
|
|
|
| LEADER |
00000nab a2200000 ar4500 |
| 001 |
vtls008963526 |
| 003 |
SK-MaSNL |
| 005 |
20260303070751.0 |
| 008 |
070412c2007 xo wr|p|||||||000 b|slo |
| 038 |
|
|
|a PPPK
|
| 040 |
|
|
|a PPPKCL
|b slo
|c PPPK
|e AACR2
|
| 041 |
0 |
|
|a slo
|
| 044 |
|
|
|a xo
|c SK
|
| 080 |
|
|
|a 796.323.2
|2 1997
|
| 245 |
0 |
0 |
|a Na medzinárodný Veľkonočný turnaj Praha 2007
|c [autor] (tká) ; foto J. Michnica
|
| 300 |
|
|
|b Fotogr.
|
| 610 |
2 |
7 |
|a MBK (Svit, Slovensko)
|2 pppkcl
|9 1068638
|
| 650 |
0 |
7 |
|a basketbal
|2 pppkcl
|9 3290
|
| 650 |
0 |
7 |
|a basketbalové kluby
|2 pppkcl
|9 1040236
|
| 651 |
|
7 |
|a Svit (Slovensko)
|2 pppkcl
|9 29648
|
| 651 |
|
7 |
|a Poprad (Slovensko : okres)
|2 pppkcl
|9 28675
|
| 700 |
1 |
|
|a Michnica, J.
|4 pht
|4 aut
|9 924295
|
| 773 |
0 |
|
|t Poprad : noviny občanov mesta
|g Roč. XVIII, č. 26-27 (2007), s. 7
|
| 852 |
|
|
|a PPPK
|b KIS3GCP
|
| 999 |
|
|
|c 1756842
|d 1758772
|